Olivia y su banda / (Registro nro. 32714)

Detalles MARC
000 -CABECERA
Longitud fija campo de control 00985nam a2200265 a 4500
003 - • IDENTIFICADOR DELl NÚMERO DE CONTROL
Identificador del número de control CO-ViMGA
005 - • FECHA Y HORA DE LA ÚLTIMA TRANSACCIÓN
Fecha y hora de la última transacción 20230915232041.0
008 - • CÓDIGOS DE INFORMACIÓN DE LONGITUD FIJA
Códigos de información de longitud fija 141112s2004 ck r 000 u spa d
020 ## - • NÚMERO INTERNACIONAL NORMALIZADO PARA LIBROS
Número Internacional Normalizado para Libros (ISBN) 9789681683139
040 ## - FUENTE DE LA CATALOGACIÓN
Centro catalogador de origen CO-ViMGA
Lengua de catalogación spa
Centro transcriptor CO-ViMGA
041 ## - • CÓDIGO DE LENGUA
Código de lengua del texto/banda sonora o título independiente spa eng
082 04 - • NÚMERO DE LA CLASIFICACIÓN DECIMAL DEWEY
Número de clasificación (R) I808.831 F15o3 21 ed.
100 1# - • PUNTO DE ACCESO PRINCIPAL-NOMBRE DE PERSONA
Nombre de persona Falconer, Ian.
245 10 - • TITULO PROPIAMENTE DICHO
Título Olivia y su banda /
Mención de responsabilidad, etc. escrito e ilustrado por Ian Falconer ; traducción de Teresa Mlawer.
300 ## - • DESCRIPCIÓN FÍSICA
Extensión [40] p. : il. ; 28 cm.
490 ## - • MENCIÓN DE SERIE
Mención de serie Los especiales de A la Orilla del Viento
650 14 - • PUNTO DE ACCESO ADICIONAL DE MATERIA - TÉRMINO DE MATERIA
Término de materia o nombre geográfico como elemento inicial Cuentos infantiles
650 14 - • PUNTO DE ACCESO ADICIONAL DE MATERIA - TÉRMINO DE MATERIA
Término de materia o nombre geográfico como elemento inicial Literatura infantil
700 1# - • PUNTO DE ACCESO ADICIONAL - NOMBRE DE PERSONA
Nombre de persona Mlawer, Teresa, tr.
942 ## - ENTRADA DE ELEMENTOS AGREGADOS (KOHA)
Fuente de clasificaión o esquema Dewey Decimal Classification
Koha [por defecto] tipo de item LIbro
Existencias
Perdido Fuente de clasificación o esquema Estado Físico No para préstamo Forma de adquisición Localización permanente Localización actual Fecha adquisición Serie de enumeración / cronolog&íacute;a Préstamos totales Signatura completa Código de barras Fecha última consulta Fecha último préstamo Número de copia Fecha del precio de reemplazo Tipo de item de Koha Localización en estanterías Fuente de adquisición Calificador de ubicación codificada
  Dewey Decimal Classification     Sala Infantil Segundo Piso Biblioteca Pública Germán Arciniegas - Villavicencio Biblioteca Pública Germán Arciniegas - Villavicencio 12/04/2015 17/jun/2013 2 I808.831 F15o3 21 ed. 26010 08/29/2025 08/13/2025 Ej. 1 12/04/2015 LIbro      
  Dewey Decimal Classification     Infantil Biblioteca Pública Rural El Yarí- vereda Playa Rica La Macarena Biblioteca Pública Rural El Yarí- vereda Playa Rica La Macarena 11/08/2024     I808.831 F15o3 21 ed. BPM'1162 06/04/2025   Ej.1 06/04/2025 LIbro Sala Infantil ministerio de cultura BPM'1162









Instituto Departamental de Cultura del Meta - Red Departamental de Bibliotecas Públicas del Meta.